| 000 | 00642nam a22001697a 4500 | ||
|---|---|---|---|
| 020 | _qHard Cover. | ||
| 082 | _a621.3 | ||
| 100 | _aMuhammad Sulaiman ; Bilal Isa Khan ; Muhammad Shaheer Raza | ||
| 245 |
_aTrue Detect : Device-Free Sensing / _cMuhammad Sulaiman ; Bilal Isa Khan ; Muhammad Shaheer Raza |
||
| 260 |
_aIslamabad : _bSEECS - NUST, _c2019. |
||
| 300 |
_a40 p. : ill. ; _c30cm. |
||
| 650 |
_aElectrical Engineering-Project Report _930780 |
||
| 700 |
_aDr. Syed Ali Hassan. _919591 |
||
| 856 | _uhttp://10.250.8.41:8080/xmlui/handle/123456789/29581 | ||
| 942 |
_2ddc _cPR |
||
| 999 |
_c535931 _d535931 |
||